Normal view
MARC view
Entry Personal Name
001 - CONTROL NUMBER
- control field: 72056
003 - CONTROL NUMBER IDENTIFIER
- control field: dpl
005 - DATE AND TIME OF LATEST TRANSACTION
- control field: 20240926162136.0
008 - FIXED-LENGTH DATA ELEMENTS
- fixed length control field: 240926|| aca||aabn | a|a d
040 ## - CATALOGING SOURCE
- Original cataloging agency: dpl
- Transcribing agency: dpl
100 ## - HEADING--PERSONAL NAME
- Personal name: कुमार विनोद
670 ## - SOURCE DATA FOUND
- Source citation: Work cat.: (dpl)205949: कुमार विनोद, भारत में भ्रस्टाचार निवारण: सवेधानिक और संस्थागत ढ़ाचा/, 2021
